00323nam a22001097a 4500020000800000040001600008082001900024100001900043245006900062260003500131300004700166 qHB. cFIZZA ISHAQ a624.15136bKAT a Katti, R. K. aInfluence of Gravity on Granular Soil Mechanics /cR. K. Katti. aNew Delhi:b CRC Press,c2000. axii, 467p. : ill. ;c11 X 8.5 X 1.4 inches